Программные системы и комплексы в управлении качеством: электронный курс

Bibliografske podrobnosti
Glavni avtor: Тунда Е. А. Елена Александровна
Korporativna značnica: Национальный исследовательский Томский политехнический университет (ТПУ) Институт неразрушающего контроля (ИНК) Кафедра физических методов и приборов контроля качества (ФМПК)
Drugi avtorji: Мойзес Б. Б. Борис Борисович
Izvleček:Заглавие с экрана
Цели в области обучения: Формирование теоретических знаний в области создания информационных систем и технологий для квалифицированного взаимодействия с представителями консалтинговых фирм, поставщиками программных продуктов. Формирование практических навыков применения инструментальных средств для решения задач управления качеством. Формирование теоретических знаний в области методологии искусственного интеллекта. Формирование практических навыков использования инструментальных средств создания баз знаний. Цели в области воспитания и развития: управление своей собственной деятельностью; умение предвидеть результат; умение планировать работу; умение оценить свою работу, сделать её анализ; ответственность за внедрение проекта.
Доступ по логину и паролю
Jezik:ruščina
Izdano: Томск, TPU Moodle, 2014
Teme:
Online dostop:https://design.lms.tpu.ru/course/view.php?id=44
Format: MixedMaterials Elektronski Knjiga
KOHA link:https://koha.lib.tpu.ru/cgi-bin/koha/opac-detail.pl?biblionumber=651468

MARC

LEADER 00000nlm0a2200000 4500
001 651468
005 20240117120258.0
035 |a (RuTPU)RU\TPU\network\16717 
035 |a RU\TPU\network\16713 
090 |a 651468 
100 |a 20161114d2014 m y0rusy50 ca 
101 0 |a rus 
102 |a RU 
105 |a a j 000zy 
135 |a jrcn ---uucaa 
181 0 |a i  
182 0 |a b 
200 1 |a Программные системы и комплексы в управлении качеством  |e электронный курс  |f Е. А. Тунда, Б. Б. Мойзес  |g Национальный исследовательский Томский политехнический университет (ТПУ), Институт неразрушающего контроля (ИНК), Кафедра физических методов и приборов контроля качества (ФМПК) 
203 |a Текст  |c электронный 
210 |a Томск  |c TPU Moodle  |d 2014 
300 |a Заглавие с экрана 
330 |a Цели в области обучения: Формирование теоретических знаний в области создания информационных систем и технологий для квалифицированного взаимодействия с представителями консалтинговых фирм, поставщиками программных продуктов. Формирование практических навыков применения инструментальных средств для решения задач управления качеством. Формирование теоретических знаний в области методологии искусственного интеллекта. Формирование практических навыков использования инструментальных средств создания баз знаний. Цели в области воспитания и развития: управление своей собственной деятельностью; умение предвидеть результат; умение планировать работу; умение оценить свою работу, сделать её анализ; ответственность за внедрение проекта. 
333 |a Доступ по логину и паролю 
606 1 |a Качество продукции  |x Управление  |2 stltpush  |3 (RuTPU)RU\TPU\subj\14180  |9 40640 
610 1 |a электронный ресурс 
610 1 |a труды учёных ТПУ 
610 1 |a электронное обучение 
610 1 |a электронные курсы ТПУ 
610 1 |a организации 
610 1 |a деятельность 
610 1 |a продукция 
610 1 |a программные системы 
610 1 |a электронные учебные пособия 
610 1 |a учебные пособия 
675 |a 658.562(075.8)  |v 3 
700 1 |a Тунда  |b Е. А.  |c специалист в области неразрушающего контроля  |c старший преподаватель Томского политехнического университета, инженер  |f 1960-  |g Елена Александровна  |3 (RuTPU)RU\TPU\pers\26841 
701 1 |a Мойзес  |b Б. Б.  |c специалист в области машиностроения  |c доцент Томского политехнического университета, кандидат технических наук  |f 1975-  |g Борис Борисович  |3 (RuTPU)RU\TPU\pers\26722  |9 12380 
712 0 2 |a Национальный исследовательский Томский политехнический университет (ТПУ)  |b Институт неразрушающего контроля (ИНК)  |b Кафедра физических методов и приборов контроля качества (ФМПК)  |3 (RuTPU)RU\TPU\col\18709 
801 2 |a RU  |b 63413507  |c 20211117  |g RCR 
856 4 |u https://design.lms.tpu.ru/course/view.php?id=44 
942 |c CF